ბათუმის შოთა რუსთაველის სახელმწიფო უნივერსიტეტის ბიბლიოთეკა

Проектирование нефтеперерабатывающих и нефтехимических заводов. (ბიბ.ჩანაწერი № 37004)

000 -LEADER
fixed length control field 00692nam a2200205Ia 4500
001 - CONTROL NUMBER
control field 2956
003 - CONTROL NUMBER IDENTIFIER
control field GE_BSU
008 - FIXED-LENGTH DATA ELEMENTS--GENERAL INFORMATION
fixed length control field 181216s||||||||xx |||||||||||||| ||und||
040 ## - CATALOGING SOURCE
Transcribing agency GE_BSU
080 ## - UNIVERSAL DECIMAL CLASSIFICATION NUMBER
Universal Decimal Classification number 624.041:665.5
100 ## - MAIN ENTRY--PERSONAL NAME
Personal name Рудин,М.Г.
245 ## - TITLE STATEMENT
Title Проектирование нефтеперерабатывающих и нефтехимических заводов.
245 ## - TITLE STATEMENT
Statement of responsibility, etc. Ред. Ю.К.Кузнецов.
260 ## - PUBLICATION, DISTRIBUTION, ETC.
Place of publication, distribution, etc. Л.
260 ## - PUBLICATION, DISTRIBUTION, ETC.
Name of publisher, distributor, etc. Химия.
260 ## - PUBLICATION, DISTRIBUTION, ETC.
Date of publication, distribution, etc. 1984.
300 ## - PHYSICAL DESCRIPTION
Extent 256 стр. с илл. 22 см.
653 ## - INDEX TERM--UNCONTROLLED
Uncontrolled term Проектирование нефтеперерабатывающих и нефтехимических заводов.
942 ## - ADDED ENTRY ELEMENTS (KOHA)
Koha item type წიგნი
ეგზემპლარები
Withdrawn status Lost status Damaged status Not for loan Date acquired Barcode Date last seen Price effective from Koha item type
        2018-12-17 9355 2018-12-17 2018-12-17 წიგნი